Defensa del General Berenguer ante el Consejo Supremo / por el General García Benítez
Descripción Física:
53 p. ; 21 cm
MARC
| LEADER | 00000nam a2200000Ia 4500 | ||
|---|---|---|---|
| 001 | 8248 | ||
| 008 | 160829s9999 xx 000 0 cat d | ||
| 080 | |a M-3-258 | ||
| 100 | |a García Benítez, Juan |9 30082 | ||
| 245 | |a Defensa del General Berenguer ante el Consejo Supremo / por el General García Benítez | ||
| 260 | |a [S.l.] : |b Amigos y admiradores del ex - Alto Comisario, [1925?] | ||
| 300 | |a 53 p. ; |c 21 cm | ||
| 650 | |a Berenguer Fusté, Dámaso |9 30083 | ||
| 650 | |a Consells de guerra |9 30084 | ||
| 901 | |a Arxiu | ||
| 942 | |n 1 | ||
| 952 | |0 0 |1 0 |4 0 |6 M3258 |7 1 |9 45256 |a Arxiu |b Arxiu |d 2016-12-01 |l 0 |o M-3-258 |p 8248 |r 2016-12-01 00:00:00 |w 2016-12-01 |y ARXIU | ||
| 999 | |c 48330 |d 48330 | ||